| 000 | 00507nam a2200181Ia 4500 | ||
|---|---|---|---|
| 008 | 100920s9999 xx 000 0 und d | ||
| 082 |
_b100107 _a891.43 न 03 |
||
| 100 | _aडोगरा दीपक. | ||
| 245 | _aलावा. | ||
| 260 |
_bकलासन प्रकाशन बीकानेर. _c2003 |
||
| 300 |
_a74 _bसाधी |
||
| 365 | _b100 | ||
| 520 | _aहिंदी. | ||
| 630 | _aलावा. | ||
| 650 | _aहिंदी. | ||
| 730 | _aलावा. | ||
| 942 | _cBOOK | ||
| 999 |
_c740545 _d740542 |
||